000 00497nam a2200133Ia 4500
005 20251222144844.0
008 251222s9999||||xx |||||||||||||| ||spa||
020 _a978-9972-854-47-7
082 _a351.861/G64
100 _aGómez Rodríguez, Rafael
245 0 _aSistematización del Proceso de Implementación del Sistema Nacional de Evaluación de Resultados de la Gestión Pública (SINERGIA) de Colombia
264 _bMinisterio Federal de Cooperación Económica y Desarrollo
942 _cLIB
999 _c21353
_d21353